| 000 | 00601nam a22002057a 4500 | ||
|---|---|---|---|
| 005 | 20251108165149.0 | ||
| 008 | 250721s9999 xx 000 0 ara d | ||
| 082 | 1 | 4 | _a551.48/حوم |
| 100 | 1 | _aالحومي، هيام | |
| 245 | 1 | 0 | _aأنت تسأل والماء يجيب / |
| 264 | 1 |
_aالقاهرة : _bاطفالنا، _c[19- ]. |
|
| 300 | _a16ص. | ||
| 490 | 0 |
_aسلسلة سؤال وجواب _vج5. |
|
| 650 | 1 | 7 | _aالماا |
| 650 | 1 | 7 | _aالاطفال |
| 650 | 1 | 7 | _aالعلوم |
| 653 | _aاطفال مرحله متوسطه |(6-9) سنوات | ||
| 942 |
_2ddc _cBK |
||
| 999 |
_c21023 _d21023 |
||